| 000 | 00513nam a2200181Ia 4500 | ||
|---|---|---|---|
| 005 | 20250423101542.0 | ||
| 008 | 250422s9999 xx 000 0 und d | ||
| 020 | _a9780865713741 | ||
| 050 | _aHT 166 .R67/ | ||
| 100 | _aRoseland, Mark. | ||
| 245 | 0 | _aToward sustainable communities : resources for citizens and their governments | |
| 260 | _aGabriola Island | ||
| 260 | _bNew Society Publishers | ||
| 260 | _c1998. | ||
| 300 | _a241 p | ||
| 650 | _aCity planning. Sustainable development. | ||
| 942 | _cBK | ||
| 999 |
_c36620 _d36620 |
||